Ekonomikcý dopad Olympijských hier na hostiteľskú krajinu

Náklady na usporiadanie Olympijských hier. Náklady na Olympijské hry medzi rokmi 1968 až 2012. Vplyv hier na zamestnanosť.

Saved in:
Bibliographic Details
Main Author: Klimko, Patrik
Format: Book Chapter
Language:Slovak
Subjects:
Tags: Add Tag
No Tags, Be the first to tag this record!

MARC

LEADER 00000nla a2200000 4500
001 0195839
005 20241113102103.7
041 0 |a slo 
044 |a SK 
245 1 0 |a Ekonomikcý dopad Olympijských hier na hostiteľskú krajinu  |c Patrik Klimko 
520 |a Náklady na usporiadanie Olympijských hier. Náklady na Olympijské hry medzi rokmi 1968 až 2012. Vplyv hier na zamestnanosť. 
610 2 0 |a šport 
610 2 0 |a hry olympijské 
610 2 0 |a náklady 
610 2 0 |a zamestnanosť 
610 2 0 |a miesta pracovné 
610 2 0 |a stavby 
610 2 0 |a výstavba investičná 
100 1 |a Klimko, Patrik